[Event "Superbet Varsavia Rapid 2025"]
[Site "Varsavia"]
[Date "26.04.2025"]
[Round "1.1"]
[White "Fedoseev, Vladimir"]
[Black "Firouzja, Alireza"]
[Result "1/2-1/2"]
[WhiteTitle "GM"]
[BlackTitle "GM"]
[WhiteElo "2739"]
[BlackElo "2757"]
[WhiteFideId "24130737"]
[BlackFideId "12573981"]
[EventDate "2025.04.26"]

1. d4 Nf6 2. c4 e6 3. Nf3 d5 4. g3 Be7 5. Bg2 O-O 6. Nc3 Nbd7 7. Qd3 b6 8. cxd5
Nxd5 9. O-O Bb7 10. Rd1 c5 11. Nxd5 exd5 12. dxc5 bxc5 13. Bf4 Qb6 14. Qb3 Nf6
15. Ne5 Rfe8 16. Bf3 Bf8 17. Nc4 Qa6 18. Ne3 c4 19. Nxc4 Bc6 20. Ne3 Ba4 21. Qd3
Bb5 22. Qd2 Rad8 23. a4 Bc4 24. Nxc4 Qxc4 25. Qd3 Qb4 26. Qb5 h6 27. Qxb4 Bxb4
28. a5 Rc8 29. Rd3 g5 30. Be3 Bc5 31. Bd4 Bxd4 32. Rxd4 Rc2 33. b4 Rb8 34. Rb1
Ra2 35. Rc1 Rb2 36. Bxd5 R2xb4 37. Rxb4 Rxb4 38. Rc8+ Kg7 39. Bc4 Rb1+ 40. Kg2
Rc1 41. Kf3 Rc3+ 42. e3 g4+ 43. Kf4 Rc2 44. Ke5 Nd7+ 45. Kd4 Rd2+ 46. Kc3 Rxf2
47. Rc7 Ne5 48. Bd5 a6 49. Re7 Rf5 50. e4 Rg5 51. Ra7 Rg6 52. Bb7 Rd6 53. Rxa6
Rd3+ 54. Kb4 Rd2 55. Bd5 Rxh2 56. Rd6 Rh1 57. a6 Ra1 58. Bb3 h5 59. Ba4 Rb1+ 60.
Kc5 Rb8 61. Rd5 Kf6 62. Bc6 Rc8 63. Rd6+ Ke7 64. a7 h4 65. a8=Q Rxa8 66. Bxa8
hxg3 67. Rd2 Kf6 68. Rg2 Kg5 69. Rxg3 Kf4 70. Rg1 g3 71. Bd5 Nf3 72. Rg2 Nh4 73.
Rg1 Nf3 74. Rc1 g2 75. e5 g1=Q+ 76. Rxg1 Nxg1 77. Kd6 Nf3 78. Bxf3 Kxf3 79. e6
fxe6 1/2-1/2

[Event "Superbet Varsavia Rapid 2025"]
[Site "Varsavia"]
[Date "26.04.2025"]
[Round "1.2"]
[White "Gavrilescu, David"]
[Black "Topalov, Veselin"]
[Result "1-0"]
[WhiteTitle "GM"]
[BlackTitle "GM"]
[WhiteElo "2554"]
[BlackElo "2717"]
[WhiteFideId "1227190"]
[BlackFideId "2900084"]
[EventDate "2025.04.26"]

1. e4 e5 2. Nf3 Nc6 3. d4 exd4 4. Nxd4 Bc5 5. Be3 Qf6 6. c3 Nge7 7. Bc4 Ne5 8.
Be2 d6 9. O-O Qg6 10. Kh1 Ng4 11. Bf4 Qxe4 12. Bg3 Qg6 13. Nb5 Bb6 14. Bxd6 cxd6
15. Nxd6+ Kf8 16. Nxc8 Nxf2+ 17. Rxf2 Rxc8 18. Bh5 Bxf2 19. Bxg6 hxg6 20. Qf3
Bb6 21. Nd2 Nf5 22. g4 Bc7 23. Nf1 Nd6 24. Re1 g5 25. Kg2 Rh6 26. Ng3 Rd8 27.
Re2 Rf6 28. Qe3 Re8 29. Qxa7 Rxe2+ 30. Nxe2 g6 31. Qd4 Bd8 32. c4 Re6 33. Qh8+
Ke7 34. Nc3 Nxc4 35. Nd5+ Kd7 36. Qd4 Nd6 37. Nb6+ Ke8 38. Nc4 Nxc4 39. Qxc4 b6
40. a4 Re5 41. b4 Ke7 42. h3 Ke8 43. Qc6+ Ke7 44. Kf3 Re6 45. Qb7+ Ke8 46. a5
bxa5 47. bxa5 Bxa5 48. Qb5+ Kf8 49. Qxa5 f6 50. Qd8+ Kf7 51. Qh8 Ra6 52. Qh7+
Ke6 53. Qxg6 Ra3+ 54. Kg2 Ra2+ 55. Kf1 Ra1+ 56. Ke2 Ra2+ 57. Kd1 Ra1+ 58. Kc2
Ra2+ 59. Kd3 Ra3+ 60. Kd4 Ra4+ 61. Kc5 Ra5+ 62. Kc6 Ra6+ 63. Kc7 Ra7+ 64. Kb6
Rd7 65. Qe8+ Kd6 66. Qf8+ Ke6 67. Kc6 Re7 68. Qg8+ Ke5 69. Qd5+ 1-0

[Event "Superbet Varsavia Rapid 2025"]
[Site "Varsavia"]
[Date "26.04.2025"]
[Round "1.3"]
[White "Duda, Jan-Krzysztof"]
[Black "Aronian, Levon"]
[Result "1/2-1/2"]
[WhiteTitle "GM"]
[BlackTitle "GM"]
[WhiteElo "2739"]
[BlackElo "2747"]
[WhiteFideId "1170546"]
[BlackFideId "13300474"]
[EventDate "2025.04.26"]

1. e4 e5 2. Nf3 Nc6 3. Bb5 a6 4. Ba4 Nf6 5. O-O Nxe4 6. d4 Be7 7. Re1 b5 8. Rxe4
d5 9. Nxe5 Nxe5 10. Rxe5 bxa4 11. Qe2 Be6 12. f4 Kf8 13. Nc3 Bd6 14. Nxa4 Qf6
15. Be3 Bxe5 16. fxe5 Qg6 17. Nc5 h5 18. h4 Bg4 19. Qf2 Kg8 20. Rf1 Rb8 21. b3
Rb6 22. Bg5 Rc6 23. Kh2 Be6 24. a4 Kh7 25. b4 Re8 26. a5 Kg8 27. c3 Bg4 28. Qa2
Rxc5 29. bxc5 Qc6 30. Qb3 Bd7 31. Rf3 Qa8 32. Qc2 Qc6 33. Qa2 Rb8 34. Rg3 Bg4
35. c4 dxc4 36. Qxc4 Qb5 37. Qd5 Qf1 38. Rb3 Rxb3 39. Qxb3 Qe2 40. e6 Bxe6 41.
Qb8+ Kh7 42. Qxc7 Bd5 43. Qg3 f6 44. Bf4 Qe4 45. Qf2 Qf5 46. Bg3 Qxf2 47. Bxf2
Kg6 48. Bg3 Kf5 49. Bd6 g5 50. hxg5 fxg5 51. Be7 h4 52. g3 Kg4 53. gxh4 gxh4 54.
Bf6 h3 55. Be5 Bc6 56. Bd6 Bd5 57. Be5 Bc6 58. Bd6 Bd5 1/2-1/2

[Event "Superbet Varsavia Rapid 2025"]
[Site "Varsavia"]
[Date "26.04.2025"]
[Round "1.4"]
[White "Vachier-Lagrave, Maxime"]
[Black "Praggnanandhaa, Rameshbabu"]
[Result "0-1"]
[WhiteTitle "GM"]
[BlackTitle "GM"]
[WhiteElo "2722"]
[BlackElo "2758"]
[WhiteFideId "623539"]
[BlackFideId "25059530"]
[EventDate "2025.04.26"]

1. e4 c5 2. Nc3 Nc6 3. Bb5 Nd4 4. Nf3 e6 5. O-O a6 6. Bd3 Nc6 7. Nd5 g6 8. Ne3
Bg7 9. c3 Nge7 10. Bc2 d5 11. exd5 exd5 12. d4 cxd4 13. cxd4 O-O 14. b3 f5 15.
h3 f4 16. Ng4 Nf5 17. Bb2 Nh4 18. Nge5 Bxe5 19. dxe5 Be6 20. Rc1 Rf7 21. Re1 Qe7
22. Bd3 Rg7 23. Be2 Nxf3+ 24. Bxf3 Rd8 25. Bd4 Qg5 26. Bb6 Rdd7 27. Bc5 d4 28.
Bd6 Bxh3 29. Rxc6 bxc6 30. Bxc6 Rd8 31. Qd3 Be6 32. Qxa6 h5 33. Qd3 Rc8 34. Qe4
f3 35. Qxf3 Rf7 36. Bd5 Rxf3 37. Bxe6+ Kh7 38. Bxc8 Rc3 39. Ba6 Rc1 40. Rf1
Rxf1+ 41. Bxf1 Qc1 42. e6 Kg8 43. e7 Kf7 44. g3 d3 45. Kg2 Qc6+ 0-1

[Event "Superbet Varsavia Rapid 2025"]
[Site "Varsavia"]
[Date "26.04.2025"]
[Round "1.5"]
[White "Aravindh, Chithambaram VR."]
[Black "Deac, Bogdan-Daniel"]
[Result "1/2-1/2"]
[WhiteTitle "GM"]
[BlackTitle "GM"]
[WhiteElo "2749"]
[BlackElo "2668"]
[WhiteFideId "5072786"]
[BlackFideId "1226380"]
[EventDate "2025.04.26"]

1. e4 e5 2. Nf3 Nf6 3. Nxe5 d6 4. Nf3 Nxe4 5. Bd3 Nf6 6. O-O Be7 7. h3 O-O 8. c3
b6 9. Bc2 Bb7 10. d4 Re8 11. Bf4 Nbd7 12. Nbd2 Nf8 13. Re1 Ng6 14. Bg5 Nd5 15.
Ba4 c6 16. Bxe7 Rxe7 17. Rxe7 Qxe7 18. Qf1 Nf6 19. c4 a6 20. Bc2 b5 21. Re1 Qf8
22. b3 Re8 23. Re3 Rxe3 24. fxe3 Qe7 25. e4 bxc4 26. Nxc4 c5 27. Nxd6 Qxd6 28.
e5 Qd8 29. exf6 Bxf3 30. Qxf3 Qxd4+ 31. Qf2 Qa1+ 32. Kh2 Qxa2 33. Qxc5 gxf6 34.
b4 Ne5 35. Be4 Qe2 36. Qc8+ Kg7 37. Qf5 Ng6 38. Bf3 Qe7 39. Qc5 Qe5+ 40. Kg1 Nf4
41. Qa5 Nd3 42. Qxa6 Qd4+ 43. Kh2 Nxb4 44. Qe2 Nd3 45. Qe4 Qe5+ 46. Kg1 Nf4 47.
Kf2 Ne6 48. Qg4+ Kf8 49. Qe4 Ng5 50. Qd3 Qf4 51. Qe3 Qh4+ 52. Kf1 Qg3 53. Qf2
Qe5 54. Qe2 Kg7 55. Kf2 Qf4 56. Qe3 Qh4+ 57. Ke2 Qg3 58. Qf2 Qe5+ 59. Qe3 Kg6
60. Bc6 Qb2+ 61. Qd2 Qe5+ 62. Qe3 Ne6 63. Kf2 Qb2+ 64. Kg3 Qe5+ 65. Kf2 h6 66.
Bf3 Nd4 67. Qe4+ Kg7 68. Qg4+ Kf8 69. Qc8+ Kg7 70. Qg4+ Kh7 71. Qd7 Kg8 72. Qc8+
Kg7 73. Qg4+ Kh7 74. Qd7 Kg7 75. Qg4+ Kh7 76. Qd7 1/2-1/2

[Event "Superbet Varsavia Rapid 2025"]
[Site "Varsavia"]
[Date "26.04.2025"]
[Round "2.1"]
[White "Topalov, Veselin"]
[Black "Duda, Jan-Krzysztof"]
[Result "0-1"]
[WhiteTitle "GM"]
[BlackTitle "GM"]
[WhiteElo "2717"]
[BlackElo "2739"]
[WhiteFideId "2900084"]
[BlackFideId "1170546"]
[EventDate "2025.04.26"]

1. e4 e5 2. Nf3 Nc6 3. Be2 Nf6 4. d3 d5 5. Nbd2 Bc5 6. O-O O-O 7. c3 a5 8. a4
Re8 9. exd5 Qxd5 10. Ng5 Ba7 11. Qc2 Bg4 12. Nde4 Bxe2 13. Qxe2 Nxe4 14. dxe4
Qd7 15. Rd1 Qe7 16. Be3 Bxe3 17. Qxe3 f6 18. Nf3 Qe6 19. Qe2 Red8 20. h4 Kf8 21.
Nd2 Rd7 22. Nc4 Rad8 23. Ne3 Ne7 24. Rxd7 Rxd7 25. Qh5 h6 26. Qe2 Qc6 27. Qc4 h5
28. Qxc6 Nxc6 29. Kf1 Nd8 30. Nc4 b6 31. b4 axb4 32. cxb4 Rd4 33. Rc1 Rxe4 34.
a5 bxa5 35. bxa5 Rxh4 36. Kg1 Nc6 37. a6 Na7 38. Nb2 c6 39. Nd3 Ra4 40. Nc5 Ra5
41. Ne6+ Kf7 42. Nd8+ Kg6 43. Rb1 Rxa6 44. Rb7 c5 45. Kh2 c4 46. Rc7 Rd6 47. Nf7
Rc6 48. Rxa7 c3 49. Nd8 c2 50. Nxc6 c1=Q 51. Ne7+ Kh7 52. Nd5 Qc5 0-1

[Event "Superbet Varsavia Rapid 2025"]
[Site "Varsavia"]
[Date "26.04.2025"]
[Round "2.2"]
[White "Aronian, Levon"]
[Black "Vachier-Lagrave, Maxime"]
[Result "1/2-1/2"]
[WhiteTitle "GM"]
[BlackTitle "GM"]
[WhiteElo "2747"]
[BlackElo "2722"]
[WhiteFideId "13300474"]
[BlackFideId "623539"]
[EventDate "2025.04.26"]

1. d4 Nf6 2. c4 g6 3. f3 c5 4. d5 d6 5. Nc3 e6 6. Kf2 exd5 7. cxd5 a6 8. a4 Nbd7
9. g3 h5 10. h4 Ne5 11. Kg2 Bg7 12. e4 Nh7 13. Nh3 O-O 14. Nf4 Rb8 15. a5 b5 16.
axb6 Rxb6 17. Be2 Bd7 18. Rxa6 Rxa6 19. Bxa6 c4 20. Bb5 Bxb5 21. Nxb5 Qa5 22.
Nc3 Rb8 23. Re1 Nf6 24. Qa4 Qc7 25. Qa3 Nfd7 26. Be3 Rb3 27. Qa8+ Kh7 28. Re2
Rb8 29. Qa7 Qc8 30. Qa3 Ra8 31. Qb4 Ra1 32. Nh3 Kg8 33. Ng5 Bf8 34. Qb5 Ra8 35.
Nd1 Rb8 36. Qa4 Be7 37. Nf2 Nc5 38. Bxc5 Qxc5 39. f4 Nd3 40. Nf3 Nxb2 41. Qc6
Qxc6 42. dxc6 c3 43. Rc2 Na4 44. Ra2 Nc5 45. Ra3 Rc8 46. Rxc3 Rxc6 47. Nd3 Ra6
48. Nxc5 Ra2+ 49. Kf1 dxc5 50. Ne5 Ra4 51. Nc4 Bf6 52. e5 Be7 53. Ke2 f6 54. Kd3
fxe5 55. Nxe5 Bf6 56. Rxc5 Bxe5 57. fxe5 Kf7 58. Rc7+ Ke6 59. Rc6+ Kxe5 60. Rxg6
Ra3+ 61. Kc4 Ke4 62. Rg5 Ra8 63. Kb5 Kf3 64. Kc6 Rd8 65. Rxh5 Kxg3 66. Rd5 Rxd5
67. Kxd5 Kxh4 1/2-1/2

[Event "Superbet Varsavia Rapid 2025"]
[Site "Varsavia"]
[Date "26.04.2025"]
[Round "2.3"]
[White "Firouzja, Alireza"]
[Black "Deac, Bogdan-Daniel"]
[Result "1-0"]
[WhiteTitle "GM"]
[BlackTitle "GM"]
[WhiteElo "2757"]
[BlackElo "2668"]
[WhiteFideId "12573981"]
[BlackFideId "1226380"]
[EventDate "2025.04.26"]

1. Nf3 d5 2. b3 c5 3. e3 a6 4. Bb2 Nc6 5. g3 d4 6. Qe2 Bf5 7. d3 Qd7 8. Nbd2 f6
9. Bg2 Nh6 10. O-O Rd8 11. Nc4 e5 12. exd4 cxd4 13. Nfd2 Be7 14. f4 exf4 15.
Rae1 Bg4 16. Qe4 O-O 17. Nb6 Qf5 18. Qxf5 Nxf5 19. Rxf4 Bb4 20. Rxg4 Bxd2 21.
Re2 Be3+ 22. Kh1 Ne5 23. Re4 Nd6 24. Rh4 g5 25. Rh3 Ng4 26. Bd5+ Kg7 27. Kg2
Rfe8 28. Bf3 Ne5 29. Bh5 Re6 30. g4 f5 31. Rhxe3 dxe3 32. Rxe3 Kh6 33. Rxe5 Rxe5
34. Bxe5 Nb5 35. Nc4 fxg4 36. Bxg4 Kg6 37. Bf3 Nd4 38. Be4+ Kh5 39. Bxd4 Rxd4
40. Bxb7 1-0

[Event "Superbet Varsavia Rapid 2025"]
[Site "Varsavia"]
[Date "26.04.2025"]
[Round "2.4"]
[White "Fedoseev, Vladimir"]
[Black "Gavrilescu, David"]
[Result "1-0"]
[WhiteTitle "GM"]
[BlackTitle "GM"]
[WhiteElo "2739"]
[BlackElo "2554"]
[WhiteFideId "24130737"]
[BlackFideId "1227190"]
[EventDate "2025.04.26"]

1. d4 d5 2. c4 e6 3. Nf3 Nf6 4. g3 dxc4 5. Bg2 c5 6. O-O Nc6 7. dxc5 Qxd1 8.
Rxd1 Bxc5 9. Nbd2 b5 10. Ng5 Bb7 11. a4 a6 12. Nde4 Bb4 13. Nxf6+ gxf6 14. Nxf7
Kxf7 15. Rd7+ Kg6 16. Rxb7 Nd4 17. Be3 e5 18. axb5 1-0

[Event "Superbet Varsavia Rapid 2025"]
[Site "Varsavia"]
[Date "26.04.2025"]
[Round "2.5"]
[White "Praggnanandhaa, Rameshbabu"]
[Black "Aravindh, Chithambaram VR."]
[Result "1-0"]
[WhiteTitle "GM"]
[BlackTitle "GM"]
[WhiteElo "2758"]
[BlackElo "2749"]
[WhiteFideId "25059530"]
[BlackFideId "5072786"]
[EventDate "2025.04.26"]

1. c4 e6 2. Nc3 d5 3. d4 Be7 4. cxd5 exd5 5. Bf4 c6 6. e3 Bf5 7. Nge2 Nf6 8. Ng3
Be6 9. Bd3 O-O 10. Nf5 Bxf5 11. Bxf5 Re8 12. Qb3 Qb6 13. Qc2 Nbd7 14. h4 Rad8
15. O-O-O c5 16. g4 cxd4 17. Rxd4 Bb4 18. g5 Bxc3 19. bxc3 Ne4 20. f3 Nxc3 21.
Bxd7 Ne2+ 22. Qxe2 Qxd4 23. exd4 Rxe2 24. Bg4 Rxa2 25. Re1 Ra1+ 26. Kd2 Rxe1 27.
Kxe1 Re8+ 28. Kd2 f6 29. gxf6 gxf6 30. Bf5 a5 31. Bc7 a4 32. Bd6 b5 33. Ba3 Kf7
34. Bd3 Rg8 35. Bxb5 Rg2+ 36. Kc3 Rf2 37. Bxa4 Rxf3+ 38. Kb4 Ke6 39. h5 f5 40.
Bc1 f4 41. Bc2 Rf1 42. Bd2 f3 43. Kc3 Rh1 44. Be3 Rxh5 45. Kd3 Kf5 46. Ba4 Kg4
47. Bf2 Kh3 48. Be8 Rh6 49. Bf7 Kg2 50. Ke3 Rb6 51. Bxd5 Rf6 52. Be4 Rf8 53. d5
h5 54. Bh4 Kh3 55. Be1 Kg2 56. d6 Rd8 57. Bxf3+ Kh2 58. Ba5 Re8+ 59. Kf2 1-0

[Event "Superbet Varsavia Rapid 2025"]
[Site "Varsavia"]
[Date "26.04.2025"]
[Round "3.1"]
[White "Aravindh, Chithambaram VR."]
[Black "Aronian, Levon"]
[Result "1-0"]
[WhiteTitle "GM"]
[BlackTitle "GM"]
[WhiteElo "2749"]
[BlackElo "2747"]
[WhiteFideId "5072786"]
[BlackFideId "13300474"]
[EventDate "2025.04.26"]

1. e4 e6 2. d4 d5 3. Nd2 c5 4. Ngf3 cxd4 5. Nxd4 Ne7 6. exd5 Nxd5 7. N2f3 Nd7 8.
Be2 a6 9. O-O Qc7 10. Re1 Be7 11. c4 N5f6 12. a3 O-O 13. b4 b6 14. Bf1 Re8 15.
Bg5 Bb7 16. Bh4 Bd6 17. Qb3 g6 18. Bg3 Bxg3 19. hxg3 Ng4 20. Nc2 a5 21. Ne3 Ndf6
22. Rac1 axb4 23. axb4 Nxe3 24. Qxe3 Bxf3 25. gxf3 Ra4 26. c5 Rxb4 27. Qa3 Rd4
28. Qb2 e5 29. cxb6 Qd6 30. b7 Rb4 31. Qa3 Qb6 32. Rc6 Qxc6 33. Qxb4 Rb8 34. Rb1
Ne8 35. Bd3 Nd6 36. Be4 Qc7 37. Bd5 Kg7 38. Qb6 Qd7 39. Qb2 Qf5 40. Re1 Qf6 41.
Ra1 Nxb7 42. Bxb7 h5 43. Ra8 Rxa8 44. Bxa8 h4 45. gxh4 Qf4 46. Bd5 f6 47. Qb7+
Kh6 48. Bg8 Qxh4 49. Qh7+ Kg5 50. Qxh4+ Kxh4 51. Kg2 f5 52. Bd5 Kg5 53. Kg3 Kh5
54. Be6 Kg5 55. Bd7 Kh5 56. f4 1-0

[Event "Superbet Varsavia Rapid 2025"]
[Site "Varsavia"]
[Date "26.04.2025"]
[Round "3.2"]
[White "Deac, Bogdan-Daniel"]
[Black "Praggnanandhaa, Rameshbabu"]
[Result "1-0"]
[WhiteTitle "GM"]
[BlackTitle "GM"]
[WhiteElo "2668"]
[BlackElo "2758"]
[WhiteFideId "1226380"]
[BlackFideId "25059530"]
[EventDate "2025.04.26"]

1. d4 Nf6 2. c4 g6 3. Nc3 Bg7 4. e4 d6 5. Be2 O-O 6. Be3 a5 7. h3 e5 8. d5 Na6
9. Qc2 c6 10. Nf3 cxd5 11. cxd5 Nh5 12. Qd2 f5 13. Bxa6 bxa6 14. Qd3 Rb8 15. O-O
h6 16. Qe2 Nf6 17. Rab1 Qe8 18. a3 g5 19. b4 g4 20. hxg4 fxe4 21. Nh2 Qg6 22. g5
hxg5 23. bxa5 Rxb1 24. Rxb1 Kf7 25. Rb8 Rh8 26. Qc4 Qh5 27. Rxc8 Qxh2+ 28. Kf1
Rh4 29. Qxa6 Qh1+ 30. Ke2 Qxg2 31. Rc7+ Kg6 32. Qxd6 Rh1 33. Kd2 Qf1 34. Kc2
Qd3+ 35. Kb2 Rh2 36. Kb3 Rh1 37. Kb2 Rh2 38. Qxe5 Qxe3 39. Qxh2 Qd2+ 40. Kb3 e3
41. Rxg7+ Kxg7 42. Qc7+ Kg6 43. fxe3 Qxe3 44. a6 Nxd5 45. Qd6+ Nf6 46. Kb4 Qf2
47. Qc5 Qb2+ 48. Ka5 Nd7 49. Qd6+ Kh5 50. Ne4 Ne5 1-0

[Event "Superbet Varsavia Rapid 2025"]
[Site "Varsavia"]
[Date "26.04.2025"]
[Round "3.3"]
[White "Vachier-Lagrave, Maxime"]
[Black "Topalov, Veselin"]
[Result "0-1"]
[WhiteTitle "GM"]
[BlackTitle "GM"]
[WhiteElo "2722"]
[BlackElo "2717"]
[WhiteFideId "623539"]
[BlackFideId "2900084"]
[EventDate "2025.04.26"]

1. e4 e5 2. Nf3 Nc6 3. Bb5 a6 4. Ba4 Nf6 5. O-O Be7 6. d3 b5 7. Bb3 d6 8. a3 O-O
9. Nc3 Rb8 10. h3 h6 11. Be3 Re8 12. Qd2 Bf8 13. Rae1 Be6 14. Bxe6 Rxe6 15. Nd5
Ne7 16. Nxf6+ Rxf6 17. d4 Ng6 18. Qe2 Qe8 19. d5 c6 20. Rd1 cxd5 21. Rxd5 Qc6
22. Bc1 Be7 23. Rfd1 Bd8 24. g3 Bb6 25. Kg2 Rf8 26. c3 Ne7 27. R5d3 Re6 28. g4
f5 29. gxf5 Nxf5 30. Kh1 Ne7 31. Rg1 Ref6 32. Rg3 Kh7 33. Rd1 R8f7 34. h4 Qa8
35. h5 Qe8 36. Kg2 Rf8 37. Rh1 Qc6 38. Rh4 R6f7 39. Be3 Bxe3 40. Qxe3 Ng8 41.
Qd3 Nf6 42. Nd2 Nd7 43. f3 Nc5 44. Qc2 Ne6 45. Qd1 Nf4+ 46. Kh1 Qc5 47. Rh2 Ne6
48. Qg1 Qc8 49. Rg6 Rf6 50. Qg4 Qe8 51. Rxf6 Rxf6 52. Qg1 Qf7 53. Qg3 Ng5 54.
Kg2 Qa2 0-1

[Event "Superbet Varsavia Rapid 2025"]
[Site "Varsavia"]
[Date "26.04.2025"]
[Round "3.4"]
[White "Duda, Jan-Krzysztof"]
[Black "Fedoseev, Vladimir"]
[Result "0-1"]
[WhiteTitle "GM"]
[BlackTitle "GM"]
[WhiteElo "2739"]
[BlackElo "2739"]
[WhiteFideId "1170546"]
[BlackFideId "24130737"]
[EventDate "2025.04.26"]

1. d4 d5 2. c4 e6 3. Nf3 a6 4. cxd5 exd5 5. Nc3 Be7 6. Bf4 Nf6 7. e3 Nh5 8. Be5
c6 9. h3 Nd7 10. Bh2 O-O 11. Bd3 g6 12. Qc2 a5 13. O-O Ng7 14. Rab1 Nb6 15. Ne2
Bf5 16. Nf4 Nc4 17. Rfc1 Nd6 18. Nd2 Re8 19. a4 Bf8 20. b4 axb4 21. Rxb4 Qa5 22.
Rbb1 Qxa4 23. g4 Qxc2 24. Rxc2 Bd7 25. Rb6 Rec8 26. Nb3 Nge8 27. Nc5 Rc7 28. f3
Bc8 29. e4 dxe4 30. fxe4 Ng7 31. Rcb2 Ra3 32. Nd5 cxd5 33. Bxd6 Bxd6 34. Rxd6
Ne6 35. Rxd5 Nxd4 36. Rxd4 Rxc5 37. Bf1 Kg7 38. Rd5 Rc7 39. Rdb5 Ra7 40. e5 Bd7
41. Rb6 Bc6 42. Bg2 Ra3 43. R6b3 Ra5 44. Bxc6 bxc6 45. Re3 Rd5 46. Rc2 c5 47. e6
fxe6 48. Rxe6 Rd3 49. Rc4 Rxh3 50. Kg2 Rb3 51. Re5 Rb4 52. Rxb4 cxb4 53. Rb5 Rc4
54. g5 Kf7 55. Kf3 Ke6 56. Rb7 Ke5 57. Ke3 Kf5 58. Rxh7 Kxg5 59. Kd3 Rf4 60. Rb7
Kg4 61. Ke2 g5 62. Rb5 Kh4 63. Ke3 Rc4 64. Kd3 Rg4 65. Ke2 Rg2+ 0-1

[Event "Superbet Varsavia Rapid 2025"]
[Site "Varsavia"]
[Date "26.04.2025"]
[Round "3.5"]
[White "Gavrilescu, David"]
[Black "Firouzja, Alireza"]
[Result "1/2-1/2"]
[WhiteTitle "GM"]
[BlackTitle "GM"]
[WhiteElo "2554"]
[BlackElo "2757"]
[WhiteFideId "1227190"]
[BlackFideId "12573981"]
[EventDate "2025.04.26"]

1. e4 c6 2. Nf3 d5 3. Nc3 dxe4 4. Nxe4 Nf6 5. Qe2 Bf5 6. Nxf6+ gxf6 7. d3 c5 8.
c3 Nc6 9. Be3 e5 10. Nd2 Bg6 11. Rd1 Qd7 12. Ne4 O-O-O 13. Nxc5 Qd5 14. b4 Bxc5
15. Bxc5 Rhe8 16. Qg4+ f5 17. Qc4 f4 18. Qxd5 Rxd5 19. f3 Kc7 20. Be2 Red8 21.
g3 Bxd3 22. Rg1 b6 23. Bf2 Bc4 24. Rxd5 Bxd5 25. a3 Re8 26. Kd2 Rd8 27. Kc1 fxg3
28. hxg3 e4 29. fxe4 Bxe4 30. Be3 Re8 31. Bf4+ Kb7 32. Rd1 Re7 33. Bg5 Rc7 34.
Bf4 Re7 35. Bc4 f5 36. Rd6 Rc7 37. Rf6 Ne5 38. Bxe5 Rxc4 39. Rf7+ Ka8 40. Rxh7
Rc8 41. Re7 Bc6 42. Rf7 Be4 43. a4 Re8 44. Bf4 Rc8 45. Kb2 a6 46. Re7 Bd3 47.
Be3 Rc6 48. Rd7 Bc4 49. Bf4 b5 50. a5 Re6 51. Kc2 Re2+ 52. Kd1 Re8 53. Rd6 Kb7
54. Rb6+ Ka7 55. Rf6 Be6 56. Be3+ Kb7 57. Kd2 Kc6 58. Rh6 Kd5 59. Rh4 Kc6 60.
Rh7 Kd5 61. Kd3 Kc6 62. Ra7 Bc8 63. Rg7 Be6 64. Kd4 Rg8 65. Re7 Bd7 66. Bf4 Re8
67. Rf7 Re4+ 68. Kd3 Re8 69. Kd4 Re4+ 70. Kd3 Re8 71. Rg7 Re4 72. Rf7 Re8 1/2-1/2

[Event "Superbet Varsavia Rapid 2025"]
[Site "Varsavia"]
[Date "27.04.2025"]
[Round "4.1"]
[White "Firouzja, Alireza"]
[Black "Praggnanandhaa, Rameshbabu"]
[Result "1-0"]
[WhiteTitle "GM"]
[BlackTitle "GM"]
[WhiteElo "2757"]
[BlackElo "2758"]
[WhiteFideId "12573981"]
[BlackFideId "25059530"]
[EventDate "2025.04.26"]

1. Nf3 d5 2. b3 c5 3. e3 Nf6 4. Bb2 g6 5. c4 dxc4 6. bxc4 Bg7 7. Be2 O-O 8. O-O
b6 9. d3 Bb7 10. Qc2 Nc6 11. Ne5 Qc7 12. Nxc6 Qxc6 13. Bf3 Qc7 14. Nd2 Rad8 15.
Bxb7 Ng4 16. Nf3 Bxb2 17. Qxb2 Qxb7 18. Rfd1 Rd6 19. a4 Rfd8 20. Ra3 a5 21. Rb3
Nf6 22. h3 Qc6 23. Ne5 Qc7 24. Rb1 Nd7 25. Ng4 Nf6 26. Ne5 Nd7 27. Nf3 Rc6 28.
Rb5 Qd6 29. Qc3 Qc7 30. R1b3 Nb8 31. Qe5 Rdd6 32. Qg3 Nd7 33. Nd2 Nf6 34. Nf3
Qd8 35. Ne5 Rc8 36. Qf4 Qc7 37. g4 Rf8 38. d4 cxd4 39. exd4 Nd7 40. Nxd7 Qxd7
41. d5 e6 42. Rxb6 Rxb6 43. Rxb6 exd5 44. cxd5 Qxd5 45. Rb5 Qa8 46. h4 Re8 47.
Kh2 Qe4 48. Kg3 Qh1 49. Qf3 Qg1+ 50. Kh3 Qf1+ 51. Kg3 Qg1+ 52. Kh3 Qf1+ 53. Kg3
Rd8 54. Rb3 Qg1+ 55. Kh3 Rd4 56. Rb7 Qf1+ 57. Kh2 Qc4 58. Qf6 1-0

[Event "Superbet Varsavia Rapid 2025"]
[Site "Varsavia"]
[Date "27.04.2025"]
[Round "4.2"]
[White "Gavrilescu, David"]
[Black "Duda, Jan-Krzysztof"]
[Result "1/2-1/2"]
[WhiteTitle "GM"]
[BlackTitle "GM"]
[WhiteElo "2554"]
[BlackElo "2739"]
[WhiteFideId "1227190"]
[BlackFideId "1170546"]
[EventDate "2025.04.26"]

1. e4 c5 2. Nf3 e6 3. Be2 Nc6 4. O-O Nf6 5. Nc3 Be7 6. d4 cxd4 7. Nxd4 d6 8.
Nxc6 bxc6 9. Qd3 O-O 10. Qg3 a5 11. b3 Ba6 12. Bxa6 Rxa6 13. e5 dxe5 14. Qxe5
Nd5 15. Ne4 Qb8 16. Qxb8 Rxb8 17. c4 Nb4 18. Bf4 Rd8 19. Rfd1 Nd3 20. Bd6 Bxd6
21. Rxd3 Be7 22. Rxd8+ Bxd8 23. Rd1 Be7 24. Rd7 Kf8 25. c5 Ra8 26. g3 Rd8 27.
Ra7 f5 28. Nd6 Bxd6 29. cxd6 Rxd6 30. Rxa5 Ke7 31. Ra7+ Kf6 32. Rc7 Rd2 33. Rxc6
Rxa2 34. h4 Rb2 35. Rb6 g6 36. Kg2 h6 37. Kf3 g5 38. hxg5+ hxg5 39. Ke3 Rc2 40.
Rb8 Rc3+ 41. Kd2 Rc5 42. Rd8 Ke7 43. Rd3 e5 44. Rc3 Rd5+ 45. Kc2 e4 46. Rc6 Ra5
47. Kd2 Rd5+ 48. Ke2 Rd3 49. Rg6 g4 50. Rb6 Rf3 51. b4 e3 52. fxe3 Rxg3 53. b5
Rg2+ 54. Kf1 Rb2 55. Kg1 Re2 56. Rc6 Rxe3 57. b6 Rb3 58. Rh6 Kf7 59. Kg2 f4 60.
Rh4 Rb2+ 61. Kf1 Rb1+ 62. Kg2 Rb2+ 63. Kf1 Kg6 64. Rxg4+ Kf5 65. Rh4 Rb3 66. b7
Ke4 67. Rh3 Rxb7 68. Ra3 Kf5 69. Kf2 Kg4 70. Rc3 Rb2+ 71. Kf1 Rh2 72. Ra3 Rh3
73. Rxh3 Kxh3 74. Kf2 Kg4 75. Kg2 f3+ 76. Kf2 Kf4 77. Kf1 Kg3 78. Kg1 f2+ 79.
Kf1 Kf3 1/2-1/2

[Event "Superbet Varsavia Rapid 2025"]
[Site "Varsavia"]
[Date "27.04.2025"]
[Round "4.3"]
[White "Aronian, Levon"]
[Black "Deac, Bogdan-Daniel"]
[Result "1-0"]
[WhiteTitle "GM"]
[BlackTitle "GM"]
[WhiteElo "2747"]
[BlackElo "2668"]
[WhiteFideId "13300474"]
[BlackFideId "1226380"]
[EventDate "2025.04.26"]

1. e4 e5 2. Nf3 Nf6 3. Nxe5 d6 4. Nc4 Nxe4 5. Qe2 Qe7 6. Ne3 Nc6 7. Nc3 Nf6 8.
b4 a6 9. Rb1 Qe6 10. b5 Nd4 11. Qd3 Nxb5 12. Be2 c6 13. O-O Be7 14. Bb2 O-O 15.
Na4 d5 16. Nb6 Rb8 17. Rfe1 Bc5 18. Bf3 Bxb6 19. Nxd5 Nxd5 20. Rxe6 Bxe6 21.
Bxd5 cxd5 22. a4 Nd6 23. Bxg7 Kxg7 24. Rxb6 Nc4 25. Qd4+ Kg8 26. Rb3 f6 27. Rg3+
Kh8 28. h3 Rbe8 29. d3 Ne5 30. Kh2 Rf7 31. Qb6 Nc6 32. c3 Bf5 33. Qc5 Be6 34.
Qd6 Ne5 35. f4 Rd7 36. Qc5 Nc6 37. Qf2 Bf5 38. Qf3 Rg8 39. Rxg8+ Kxg8 40. g4 Be6
41. f5 Bf7 42. Qf4 d4 43. c4 Kg7 44. g5 Rd8 45. h4 Rg8 46. Qd6 fxg5 47. hxg5 Re8
48. Qh6+ Kg8 49. f6 1-0